000 00474nam a2200133Ia 4500
005 20260209120136.0
008 260209s9999||||xx |||||||||||||| ||und||
100 _aApala Das
245 0 _aCyber terrorism : a comparative study among different jurisdictions
260 _aBangaloreBangalore
_bNLSIU
_c2016
300 _a79 p. ; 25 cm.
700 _aProf. (Dr.) V. Vijayakumar - GuideProf. (Dr.) V. Vijayakumar - Guide
856 _uhttps://dans.nls.ac.in/handle/123456789/1671
999 _c217248
_d217248